Comuni della Provincia del Verbano-Cusio-Ossola (con mappa) - Statistics

Statistiche generali
  • Questo quiz è stato fatto 28 volte
  • Il punteggio medio è 40 su 74
Risposte nella Mappa
Le risposte nella mappa del quiz sottostante sono codificate secondo una scala di colori dal rosso al verde in base alla % di persone che hanno risposto correttamente.
 
Statistiche sulle risposte
Risposta % Corretto
Domodossola
100%
Verbania
100%
Stresa
91%
Gravellona Toce
82%
Omegna
77%
Villadossola
77%
Re
73%
Varzo
73%
Crevoladossola
68%
Crodo
68%
Formazza
68%
Ornavasso
68%
Baceno
64%
Baveno
64%
Cannobio
64%
Druogno
64%
Malesco
64%
Trasquera
64%
Belgirate
59%
Ghiffa
59%
Macugnaga
59%
Mergozzo
59%
Pallanzeno
59%
Pieve Vergonte
59%
Premia
59%
Santa Maria Maggiore
59%
Aurano
55%
Cannero Riviera
55%
Masera
55%
Piedimulera
55%
Toceno
55%
Valstrona
55%
Antrona Schieranco
50%
Bannio Anzino
50%
Calasca-Castiglione
50%
Cesara
50%
Craveggia
50%
Gurro
50%
Madonna del Sasso
50%
Montecrestese
50%
Montescheno
50%
Nonio
50%
Premosello-Chiovenda
50%
Quarna Sopra
50%
Quarna Sotto
50%
Trontano
50%
Valle Cannobina
50%
Vogogna
50%
Anzola d'Ossola
45%
Arizzano
45%
Arola
45%
Loreglia
45%
Massiola
45%
Miazzina
45%
Oggebbio
45%
Premeno
45%
Vignone
45%
Villette
45%
Bée
41%
Bognanco
41%
Borgomezzavalle
41%
Casale Corte Cerro
41%
Ceppo Morelli
41%
Cossogno
41%
San Bernardino Verbano
41%
Beura-Cardezza
36%
Brovello-Carpugnino
36%
Germagno
36%
Gignese
36%
Intragna
36%
Trarego Viggiona
36%
Vanzone con San Carlo
36%
Cambiasca
32%
Caprezzo
32%
Nessun quiz corrispondente trovato
Distribuzione punteggi
Percentuale di utenti per punteggio
Percentile per numero di risposta
I tuoi punteggi nel tempo
Non hai fatto questo quiz